| Поле | Инд. | ПП | Название | Значение |
|---|---|---|---|---|
| Тип записи | a | |||
| Библиографический уровень | m | |||
| 001 | Контрольный номер | 218132773 | ||
| 005 | Дата корректировки | 20250313135816.0 | ||
| 080 | a | Индекс УДК | 004.7(075.8) | |
| a | Индекс УДК | 004.052(075.8) | ||
| 090 | a | Полочн. индекс | У | |
| x | Авторский знак | П 14 | ||
| 091 | a | Индекс ББК (DOS) | У.в6я7 | |
| 097 | b | Оператор | *С* | |
| b | Оператор | *Ольга* | ||
| 100 | 1_ | a | Автор | Палюх Б.В. |
| 245 | 10 | a | Заглавие | Надежность и эффективность экономических информационных систем |
| b | Продолж. заглавия | учеб. пособие для вузов по спец. 351400 "Прикладная информатика (по областям)" и др. междисциплинарным спец. | ||
| b | Продолж. заглавия | в составе учебно-методического комплекса | ||
| c | Ответственность | Тверской гос. техн. ун-т, Каф. ИС | ||
| 260 | a | Место издания | Тверь | |
| b | Издательство | ТвГТУ | ||
| c | Дата издания | 2003 | ||
| 440 | _0 | a | Серия | УМК-У |
| 515 | a | Прим. об особенностях нумерации | № 2206 | |
| 516 | 8_ | a | Прим. о типе комп. файла/ данных | Текст : электронный |
| 520 | 0_ | a | Аннотация | Содержит теоретико-методологическое описание основных подходов к оценке надежности и эффективности экономических информационных систем. Материал пособия позволит специалистам по информатизации разработать аналитические методики с учетом предметной специфики информационных систем. Предназначено для студентов и магистрантов, изучающих основы построения и проектирования экономических информационных систем. |
| 535 | 1_ | a | Хранилище | Сервер |
| 583 | a | Действие | Приписка : УМК | |
| 653 | 0_ | a | Ключевые слова | Информационные системы |
| a | Ключевые слова | Надежность | ||
| a | Ключевые слова | Экономические информационные системы | ||
| 655 | a | Жанр/ форма (устаревшее) | М | |
| 700 | 12 | a | Другие авторы | Мироненко А.С. |
| 773 | 18 | w | Контрольный № источника | RU/IS/BASE/539359136 |
| w | Контрольный № источника | 9bf5794c8f6e47ebb90d61af250e49cf | ||
| 900 | a | Имя макрообъекта | 001-000061431-000000000-0000-0000-01 | |
| 900 | a | Имя макрообъекта | 001-000061431-000000000-0000-0000-00 | |
| 901 | t | Тип документа | m | |
| 905 | a | Дата создания записи | 14.12.06 | |
| c | Дата приписки | 13.03.25 | ||
| 922 | c | Кафедра | Информационные системы | |
| 951 | i | EL-ТГТУ? | Да | |
| 952 | g | 1 | ||
| b | Гриф литературы для ВШ | Гриф УМО | ||
| a | Тип литературы для КСУ ВШ | М2 | ||
| 952 | e | Факультет | *ФУСК* | |
| 990 | h | N записи в КСУ для Б/У (DOS) | 160/2006 | |
| j | Количество экземпляров (DOS) | 1 | ||
| c | Приоритет заказа (DOS) | о | ||
| f | Даты поступлений (DOS) | 29.11.06 | ||
| g | Размещение заказа (DOS) | интернет-РИО |